| 000 | 00606nam a2200205 i 4500 | ||
|---|---|---|---|
| 001 | 29367 | ||
| 003 | ES-MaACL | ||
| 005 | 20230906154024.0 | ||
| 007 | t| | ||
| 008 | 030121s1960 sp ||||1| spa d | ||
| 100 | 1 |
_aBaring, Maurice. _925656 |
|
| 245 | 1 | 3 |
_aEl señorito Nerón y otras cartas muertas / _cpor Maurice Baring ; [versión castellana de Alfonso Nadal]. |
| 260 |
_aBarcelona : _bG. P., _c[1960] ( _fGuada) |
||
| 300 |
_a151 p. ; _c18 cm. |
||
| 490 | 1 | _aPlaza | |
| 700 | 1 |
_aNadal, Alfonso. _984791 |
|
| 830 | 0 |
_aPlaza _9181244 |
|
| 852 |
_aES-MaACL _jC-18769 _bR.46548 |
||
| 999 |
_c29367 _d29367 |
||